00866nam a2200205 a 450000100100000000500170001000800410002702000150006804000250008308200150010810000430012324500620016626000640022830000210029249000460031383000520035995201130041195201190052499900170064300003718620200930080208.0120224s19uu sp 000 0 spa d a8474612470 aDO-SdBNPbspacBNPHU axxxxbQ38i1 aQueirós, Eça de,d1845-190096359613aLa ilustre casa de Ramires /cJosé Ma Eça de Queiroz. aMadrid, España :bClub Internacional del Libro,c[19--?]. a277 p. ;c20 cm.1 aGrandes genios de la literatura universal 0aGrandes genios de la literatura universal97077 001050718MOaGRbGRcCTd2012-02-24iLF1l0oxxxx Q38ip37186-10r2020-06-25w2020-06-25y1ZNo se presta 001050718MOaGRbGRcCTd2012-10-09iLF1l0oxxxx Q38ip37186-20r2020-06-25te. 2w2020-06-25y1ZNo se presta c36676d36676